| 000 | 00897nam a2200265 i 4500 | ||
|---|---|---|---|
| 001 | 180182 | ||
| 003 | ES-MaACL | ||
| 005 | 20231023194507.0 | ||
| 008 | 120511s2011 sp |||| | spa d | ||
| 020 | _a978-84-9888-357-2 | ||
| 080 | _a327(4-672 UE) | ||
| 100 | 1 |
_aTorreblanca, José I. _9149999 |
|
| 245 | 1 | 3 |
_aLa fragmentación del poder europeo / _cJosé Ignacio Torreblanca. |
| 250 | _a1ª ed. | ||
| 260 |
_aBarcelona : _bIcaria ; _aMadrid : _bEstudios de Política Exterior, _c2011. |
||
| 300 |
_a229 p. ; _c22 cm. |
||
| 490 | 1 |
_aIcaria antrazyt ; _v355 |
|
| 504 | _aReferencias bibliográficas. | ||
| 610 | 2 | 7 |
_aUnión Europea- _xPolítica exterior. _9141315 |
| 830 | 0 |
_aIcaria antrazyt _v355 _9177286 |
|
| 852 |
_aES-MaACL _jA-12092 _9187092 _bR.147193 _cDEPO1 _dOlim: N-5097 |
||
| 942 |
_2udc _cMONOGRAFIA |
||
| 999 |
_c180182 _d180182 |
||